Milo/peters favey things Quiz Stats

 Plays Quiz not verified by Sporcle

Support Sporcle.
Go Orange.
Score 0/15 Timer 03:00
0 Plays Today
lol % Correct
i played jessy and was the only redeeming feature of this programgilmore girls
80%
my bronathan petrelli
60%
on a scale of 1 to 10 how fit i am10
60%
my occupation in heroesnurse
60%
mi mumangela
40%
my bezzie? the dinosaur from flinstonesdino
40%
gonna have a whole plate of themnachos
20%
uh oh!soured cream
20%
lol % Correct
stupid ****hayden
20%
my lipcleft
20%
get yer latex on in gamerrick rape
20%
my girlfriend on facebookella kidd
20%
my powertactile mimicry
0%
dscdivide social club
0%
i dont eat animals coz i'm cool and im a:vegitarian
0%

You're not logged in!

Compare scores with friends on all Sporcle quizzes.
OR
Log In

From the Vault

Multiples of 3 Blitz

by Mattyo7

This quiz is brought to you by the number 3.
Remove Ads.
Support Sporcle.
Get the best of Sporcle when you Go Orange. This ad-free experience offers more features, more stats, and more fun while also helping to support Sporcle. Thank you for becoming a member.

Show Comments

Extras

Created Feb 18, 2011ReportNominate
Tags:Peter

Top Quizzes Today


Score Distribution

Your Account Isn't Verified!

In order to create a playlist on Sporcle, you need to verify the email address you used during registration. Go to your Sporcle Settings to finish the process.

Report this User

Report this user for behavior that violates our Community Guidelines.

Details: